header

Nursing the image (Record no. 29156)

MARC details
000 -LEADER
fixed length control field 01614nam a2200421 a 4500
082 04 - DEWEY DECIMAL CLASSIFICATION NUMBER
Classification number 610.730941
100 1# - MAIN ENTRY--AUTHOR NAME
Personal name Hallam, Julia,
245 10 - TITLE STATEMENT
Title Nursing the image
260 ## - PUBLICATION, DISTRIBUTION, ETC. (IMPRINT)
Place of publication London :
Name of publisher Routledge,
Year of publication 2000.
300 ## - PHYSICAL DESCRIPTION
Number of Pages 240 p. :
Other physical details ill.
650 #0 - SUBJECT ADDED ENTRY--TOPICAL TERM
Topical Term Nurses
Topical Term Nurses
Topical Term Sex role
Topical Term Professional socialization
Topical Term Nursing
Topical Term Feminist theory.
Topical Term Nurses
Topical Term Prejudices
Topical Term Social perception
Topical Term Stereotyping (Printing)
856 40 - ELECTRONIC LOCATION AND ACCESS
Uniform Resource Identifier http://site.ebrary.com/lib/rucke/Doc?id=10017793

No items available.

© 2026 Rongo University
Contact us: librarian | system librarian | Rongo university